000 00493 a2200193 4500
005 20260406163007.0
008 260406b |||||||| |||| 00| 0 eng d
020 _a9788121939485
_cRs. 450.00
040 _aMAIN
082 _a006.3
_bC455A(2)
100 _aChopra, Rajiv
245 _aArtificial intelligence: Practical approach
250 _a2nd
260 _bS Chand
_c2026
_aNoida
300 _a392
650 _aComputer Science
650 _aArtificial Intelligence
942 _cBK
999 _c397150
_d397150